| 000 | 00520nam a2200205 a 4500 | ||
|---|---|---|---|
| 001 | BRCA_6873 | ||
| 005 | 20190320205626.0 | ||
| 008 | 111111s1922----gw-#######---#000-0#ger-# | ||
| 041 | _ager | ||
| 044 | _agw | ||
| 050 | 4 |
_aPT2617 E83 _b.K36 1922 |
|
| 100 | 1 |
_aHerzog, Rudolf _917123 |
|
| 245 | 1 | 0 |
_aKameraden _bRoman _cvon Rudolf Herzog |
| 260 |
_aStuttgart y Berlín _bJ. G. Cotta´sche _c1922 |
||
| 300 |
_a416 p. _c20 cm. |
||
| 500 | _aO64 | ||
| 650 | 1 | 4 |
_aLiteratura Alemana _96160 |
| 902 | _aGFM | ||
| 942 |
_2lcc _cB |
||
| 999 |
_c6555 _d6555 |
||